000 00387nam a2200157Ia 4500
001 R-453
003 CODICE-MESSINA
005 20260212102452.0
008 260211s9999 xx 000 0 und d
040 _cimportazione_messina
100 _aPatrizia Carrano
245 0 _aUna Furtiva Lacrima
245 0 _bCorso di sopravivenza sentimentale
260 _bRizzoli
942 _2ddc
_cBK
999 _c26937
_d26937